=LDR 00000nam 2200000 4500 =001 INLIS000000000040451 =005 20210503085932 =035 ##$$a 0010-061300000040451 =008 210503################g##########0#ind## =020 ##$$a 978-979-8433-89-4 =082 ##$$a 338 =090 ##$$a 338.09 Muh e =100 ##$$a Putra, Windu =245 1#$$a Ekonomi industri /$c Windhu Putra =260 ##$$a Bandung :$b Alfabeta,$c Bandung =300 ##$$a x,198 Hlm, : $b ilus. ; $c 24 x 16 cm. =850 ##$$aNBPNMAT =084 ##$$a 338 PUT e =650 #4$$a Ekonomi Industri =990 ##$$a 06450645 =990 ##$$a 21108784 =990 ##$$a 1201102436 =990 ##$$a 0001/BPAP-NTB/2016 =990 ##$$a 21108784 =990 ##$$a 1201102436 =990 ##$$a 0001/BPAP-NTB/20142015 =990 ##$$a 0001/BPAP-NTB/2016 =990 ##$$a 21108784 =990 ##$$a 1201102436 =990 ##$$a 21108786 =990 ##$$a 0001/BPAP-NTB/20142015 =990 ##$$a 0001/BPAP-NTB/2016 =990 ##$$a 21108784 =990 ##$$a 1201102436 =990 ##$$a 21108785 =990 ##$$a 21108786 =990 ##$$a 0001/BPAP-NTB/2016 =990 ##$$a 21108784 =990 ##$$a 21108784 =990 ##$$a 21108786 =990 ##$$a 21108785 =990 ##$$a 0001/BPAP-NTB/2016 =990 ##$$a 21108786 =990 ##$$a 21108785 =990 ##$$a 0001/BPAP-NTB/2016 =990 ##$$a 21108784 =990 ##$$a 21108783 =990 ##$$a 21108786 =990 ##$$a 21108785 =990 ##$$a 21108784 =990 ##$$a 21108784 =990 ##$$a 21108786 =990 ##$$a 21108785 =990 ##$$a 21108783